[Event "Mestre Cipressina op-B 5th"]
[Site "Mestre"]
[Date "2016.11.27"]
[Round "4"]
[White "Cordini, Niccolo"]
[Black "Santo Fernando, Manuel"]
[Result "1-0"]
[WhiteElo "1541"]
[BlackElo "1400"]
[PlyCount "119"]
[EventDate "2016.11.25"]
[EventType "swiss"]
[EventRounds "5"]
[EventCountry "ITA"]
[SourceTitle "EXT 2022"]
[Source "ChessBase"]
[SourceDate "2021.10.06"]
[SourceVersion "1"]
[SourceVersionDate "2021.10.06"]
[SourceQuality "1"]

1. e4 d6 2. d4 Nf6 3. Nc3 g6 4. Bc4 Bg7 5. Nge2 a6 6. Bb3 Nc6 7. a3 b5 8. 0-0 0-0 9. Be3 Ng4 10. Bf4 e5 11. dxe5 Ncxe5 12. h3 g5 13. Bg3 Nh6 14. Qd2 Nc4 15. Qc1 Bb7 16. f4 gxf4 17. Bxf4 Qh4 18. Bg5 Bd4+ 19. Nxd4 Qg3 20. Bxh6 Kh8 21. Rf3 Qe5 22. Nf5 Rg8 23. Bg5 Rg6 24. Nh6 Qc5+ 25. Kh1 Rf8 26. Bf6+ Rxf6 27. Rxf6 Qe5 28. Rxf7 Qe8 29. Qf4 Rxf7 30. Nxf7+ Kg7 31. Ng5 Qe5 32. Qg4 Ne3 33. Qd7+ Kf6 34. Nxh7+ Kg6 35. Qf7+ Kh6 36. Nd5 Qxe4 37. Qf4+ Qxf4 38. Nxf4 Kxh7 39. Re1 Nf5 40. Bd5 c6 41. Be4 Bc8 42. g4 d5 43. Bd3 Kh6 44. gxf5 Kg5 45. Ne6+ Kf6 46. Kg2 a5 47. h4 Bd7 48. h5 Kf7 49. h6 Kg8 50. Rh1 b4 51. h7+ Kh8 52. Ng5 Be8 53. f6 bxa3 54. f7 Bxf7 55. Nxf7+ Kg7 56. h8Q+ Kxf7 57. Rh6 axb2 58. Qf6+ Ke8 59. Rh7 b1N 60. Qh8# 1-0